000 00600nam a2200121Ia 4500
008 220615s9999||||xx |||||||||||||| ||und||
100 _aGraf, Lukas
245 4 _aThe Hybridization of Vocational Training and Higher Education in Austria, Germany, and Switzerland
546 _aEnglish[eng]
650 _aVocational education||higher Education
856 _uhttps://library.oapen.org/bitstream/20.500.12657/29439/1/9783863880439A.pdf||https://library.oapen.org/bitstream/20.500.12657/29439/1/9783863880439A.pdf||https://library.oapen.org/bitstream/20.500.12657/29439/1/9783863880439A.pdf
942 _cEB
999 _c13999
_d13999